| 000 | 01200cam a2200313 a 4500 | ||
|---|---|---|---|
| 001 | 4506651 | ||
| 005 | 20240818092921.0 | ||
| 008 | 980428s1999 nyua b 001 0 eng | ||
| 010 | _a 98023083 | ||
| 020 | _a0195124448 (hardcover : acidfree) | ||
| 040 |
_aDLC _cDLC _dDLC |
||
| 050 | 0 | 0 |
_aQD381 _b.S73 1999 |
| 082 | 0 | 0 |
_a547.7 _222 _bSTE |
| 100 | 1 |
_96760 _aStevens, Malcolm P., _d1934- |
|
| 245 | 1 | 0 |
_aPolymer Chemistry : _bAn Introduction / _cMalcolm P. Stevens. |
| 250 | _a3rd ed. | ||
| 260 |
_aLondon : _bOxford University Press, _c1999. |
||
| 300 |
_axix, 551 p. : _bill. ; _c25 cm. |
||
| 504 | _aIncludes bibliographical references (p. 517-525) and index. | ||
| 650 | 0 |
_aPolymers. _96761 |
|
| 650 | 0 |
_aPolymerization. _96762 |
|
| 856 | 4 | 2 |
_3Publisher description _uhttp://www.loc.gov/catdir/enhancements/fy0605/98023083-d.html |
| 856 | 4 | 1 |
_3Table of contents only _uhttp://www.loc.gov/catdir/enhancements/fy0605/98023083-t.html |
| 942 |
_2ddc _cBB _hRDA-MOD |
||
| 999 |
_c11984 _d11984 |
||
| 336 |
_2rdacontent _atext _btxt |
||
| 337 |
_aunmediated _2rdamedia _bn |
||
| 338 |
_avolume _bnc _2rdacarrier |
||